Statistics for Rock Band 1 Artists

Click here to take the quiz!

General Stats

  • This quiz has been taken 50 times
  • The average score is 17 of 45

Answer Stats

SongArtist% Correct
CreepRadiohead
77%
Enter SandmanMetallica
74%
Gimme ShelterThe Rolling Stones
74%
ParanoidBlack Sabbath
71%
Should I Stay or Should I GoThe Clash
71%
Dani CaliforniaRed Hot Chili Peppers
69%
Wanted Dead or AliveBon Jovi
66%
Run to the HillsIron Maiden
60%
Detroit Rock CityKISS
60%
Black Hole SunSoundgarden
60%
Blitzkrieg BopRamones
57%
In BloomNirvana
54%
Won't Get Fooled AgainThe Who
54%
(Don't Fear) The ReaperBlue Öyster Cult
51%
Learn to FlyFoo Fighters
51%
Tom SawyerRush
51%
Are You Gonna Be My GirlJet
46%
Suffragette CityDavid Bowie
43%
Highway StarDeep Purple
43%
SabotageBeastie Boys
40%
Train Kept A-Rollin'Aerosmith
37%
Celebrity SkinHole
37%
Orange CrushR.E.M.
37%
Ballroom BlitzSweet
31%
Foreplay/Long TimeBoston
29%
Mississippi QueenMountain
26%
VasolineStone Temple Pilots
26%
EpicFaith No More
23%
Go with the FlowQueens of the Stone Age
23%
Next to YouThe Police
23%
ReptiliaThe Strokes
23%
Say It Ain't SoWeezer
23%
I Think I'm ParanoidGarbage
20%
Wave of MutilationPixies
20%
Cherub RockSmashing Pumpkins
20%
When You Were YoungThe Killers
20%
Flirtin' with DisasterMolly Hatchet
17%
MapsYeah Yeah Yeahs
17%
The Hand That FeedsNine Inch Nails
14%
Here It Goes AgainOK Go
11%
Main OffenderThe Hives
11%
Green Grass and High TidesThe Outlaws
11%
Welcome HomeCoheed and Cambria
9%
Dead on ArrivalFall Out Boy
9%
Electric VersionThe New Pornographers
9%

Score Distribution

Percentile by Number Answered

Percent of People with Each Score

Your Score History

You have not taken this quiz